000 00887nam0a22002411 4500
001 rc\4718412
005 20250612011457.0
035 _a(NLR Aleph) 008440232
090 _a9473331
_c9473331
100 _a20130416d1961 |||y0rusy50 ca
101 0 _arus
102 _aRU
105 _ay z |||||
200 1 _aТезисы сообщений участников Совещания на секциях
_fГКРЭ. 11-е упр. ОНТО. Технол. совещание. 13-16 июня 1961 г.
210 _a[Москва]
_cБ. и.
_d1961
215 _a47 с.
_d22
333 _aДСП. Экз. № 195
710 1 2 _aСССР. Комитет по радиоэлектронике. Управление (11). Технологическое совещание (1961)
801 0 _aRU
_bNLR
_gpsbo
801 1 _aRU
_bELAR
_2rusmarc
852 _aNLR
_j61-6/7416
942 _cBOOK
980 _aNB